|
|
|
|
| LEADER |
00000nas a2200000 a 4500 |
| 001 |
ssj0000591 |
| 003 |
WaSeSS |
| 005 |
20200512172242.0 |
| 006 |
m d |
| 007 |
cr n |
| 008 |
980430c19729999enkqr pss 0 a0eng c |
| 010 |
|
|
|a 2005213143
|
| 015 |
|
|
|a GBB620351
|2 bnb
|
| 016 |
7 |
|
|a 2067343-7
|2 DE-600
|
| 016 |
7 |
|
|a 016322073
|2 Uk
|
| 022 |
|
|
|a 1557-7805
|l 0091-3367
|y 0091-3367
|
| 035 |
|
|
|a (WaSeSS)ssj0000591
|
| 037 |
|
|
|b M.E. Sharpe, 80 Business Park Drive, Armonk NY 10504
|
| 040 |
|
|
|a FGA
|b eng
|c FGA
|d OCL
|d OCLCQ
|d OCL
|d NSD
|d EYM
|d OCLCQ
|d OCLCF
|d OCLCQ
|d DEBBG
|d NLE
|d GILDS
|d OCLCA
|d UKMGB
|d VT2
|d OCLCO
|d DLC
|d WaSeSS
|
| 042 |
|
|
|a pcc
|a nsdp
|
| 050 |
0 |
0 |
|a HF5801
|
| 082 |
1 |
0 |
|a 659.1
|2 13
|
| 130 |
0 |
|
|a Journal of advertising (Online)
|
| 222 |
|
0 |
|a Journal of advertising
|b (Online)
|
| 245 |
1 |
0 |
|a Journal of advertising
|h [electronic resource].
|
| 260 |
|
|
|a DeKalb, Ill. :
|b Board of Directors, American Academy of Advertising,
|c 1972-
|
| 260 |
|
|
|3 <2013-> : [Abingdon] :
|b Routledge, Taylor & Francis Group
|
| 310 |
|
|
|a 5 issues per year,
|b 2019-
|
| 321 |
|
|
|a Quarterly,
|b -2018
|
| 362 |
0 |
|
|a Vol. 1, no. 1 (1972)-
|
| 500 |
|
|
|a Title from cover (JSTOR, viewed Oct. 24, 2008).
|
| 500 |
|
|
|a Published: Armonk, NY : M.E. Sharpe, <2004->
|
| 506 |
|
|
|a License restrictions may limit access.
|
| 538 |
|
|
|a Mode of access: World Wide Web.
|
| 550 |
|
|
|a Official publication of the American Academy of Advertising.
|
| 588 |
|
|
|a Latest issue consulted: Vol. 48, no. 5 (2019) (Taylor & Francis Online, viewed Jan. 17, 2020)
|
| 650 |
|
0 |
|a Advertising
|v Periodicals.
|
| 650 |
|
0 |
|a Advertising
|x Research
|v Periodicals.
|
| 650 |
|
7 |
|a Advertising.
|2 fast
|0 (OCoLC)fst00797511
|
| 650 |
|
7 |
|a Advertising
|x Research.
|2 fast
|0 (OCoLC)fst00797745
|
| 655 |
|
0 |
|a Electronic journals.
|
| 710 |
2 |
|
|a American Academy of Advertising.
|
| 776 |
0 |
8 |
|i Print version:
|t Journal of advertising
|x 0091-3367
|w (DLC) 73643596
|w (OCoLC)1786755
|
| 850 |
|
|
|a DLC
|
| 856 |
4 |
0 |
|z Full text available from Research Library: 01/01/1991 to 12/31/2013
|u https://search.proquest.com/publication/35930
|